000 00415nam a2200157Ia 4500
008 230711s9999||||xx |||||||||||||| ||und||
041 _aENG
082 _a621.3192
_bDA-N
100 _aDaryanani,Gobind
245 0 _aPrinciples of active network synthesis and design
250 _a1st . Ed.
260 _c2003
_aNew Delhi
_bJohn Wiley & Sons.Inc
300 _a495
650 _aElectrical Engineering
942 _cBK
999 _c4482
_d4482